| 000 | 00616nam a22002057a 4500 | ||
|---|---|---|---|
| 003 | MIuegypt | ||
| 005 | 20140310181734.0 | ||
| 008 | 130319t xxu||||| |||| 00| 0 eng d | ||
| 020 | _a9780451624413 | ||
| 050 |
_aPN 41 _b.H816 2002 |
||
| 082 |
_aTR 800 _bH78 1984 |
||
| 245 |
_aThe reader's companion to world literature / _cBrown, Sterling Allen ; Hornstein, Lillian Herlands ; Edel, Leon ; Frenz, Horst |
||
| 260 |
_aNew York : _bNew American Library _cc2002. |
||
| 300 |
_a577 p. _c18 cm. |
||
| 521 | _ateachers | ||
| 541 | _j1 | ||
| 562 | _e1 | ||
| 650 | _2 literature | ||
| 942 |
_2lcc _cBK-TR _kTR |
||
| 999 |
_c2515 _d2515 |
||